Länder mit Linksverkehr - Statistiken

Allgemein
  • Dieses Quiz wurde 190 mal gespielt
  • Das Durchschnittsergebnis liegt bei 35 aus 54
Antwortstatistiken
Afrika % Korrekt
Vereinigtes Königreich
97%
Irland
92%
Südafrika
87%
Neuseeland
85%
Australien
84%
Indonesien
78%
Indien
77%
Thailand
75%
Kenia
74%
Lesotho
74%
Namibia
74%
Japan
73%
Botswana
72%
Malaysia
71%
Eswatini
70%
Fidschi
68%
Tansania
68%
Malta
67%
Pakistan
66%
Samoa
66%
St. Vincent und die Grenadinen
66%
Uganda
66%
Antigua und Barbuda
65%
Bangladesch
65%
Guyana
65%
St. Lucia
65%
Tuvalu
65%
Bahamas
63%
Barbados
63%
Mosambik
63%
Sambia
63%
St. Kitts und Nevis
63%
Suriname
63%
Tonga
63%
Singapur
62%
Trinidad und Tobago
62%
Jamaika
61%
Papua-Neuguinea
61%
Simbabwe
61%
Grenada
60%
Nauru
60%
Nepal
60%
Bhutan
59%
Kiribati
58%
Salomonen
57%
Osttimor
56%
Brunei
55%
Seychellen
55%
Sri Lanka
54%
Dominica
53%
Mauritius
49%
Malediven
46%
Malawi
44%
Zypern
38%
Keine übereinstimmenden Quizze gefunden
Verteilung der Resultate
Anzahl Personen mit jedem Resultat
Perzentil nach korrekt beantworteten Fragen
Ihre Resultats-Entwicklung
Sie haben dieses Quiz noch nicht gespielt